000 01007nam a2200277Ia 4500
003 OSt
005 20221005103752.0
006 a|||||r|||| 00| 0
007 ta
008 221004b |||||||| |||| 00| 0 hin d
020 _a9788189982744 (hbk)
_cINR 125.00
024 _a42137
037 _bIN-2301, 14/03/2019, Kitab Ghar Prakashan
_cTextual
040 _aCRL
_cCRL
_bhin
041 _2hin
_ahin
082 _aO152,3N377w, Q2
100 _aराज बुद्धिराजा, ले.
245 0 _aयह दिल्ली है
246 _aYah dillī hai
260 _aदिल्ली
_bआर्य प्रकाशन मंडल भारत
_c2012
300 _a63पृ0
_ccm.
650 _a हिन्दी साहित्य
650 _aहिन्दी कहानी
942 _hO152,3N377w, Q2
_cTEXL
_2cc
999 _c1010851
_d1010851